Topology: (Record no. 615740)

000 -LEADER
fixed length control field 00466nam a22001697a 4500
003 - CONTROL NUMBER IDENTIFIER
control field NUST
005 - DATE AND TIME OF LATEST TRANSACTION
control field 20260225140312.0
020 ## - INTERNATIONAL STANDARD BOOK NUMBER
International Standard Book Number 9789697341825
082 ## - DEWEY DECIMAL CLASSIFICATION NUMBER
Classification number 514
Author Mark MUH
100 ## - MAIN ENTRY--PERSONAL NAME
Personal name Muhammad ,Noor
9 (RLIN) 16031
245 ## - TITLE STATEMENT
Title Topology:
Remainder of title for beginners /
Statement of responsibility, etc. Noor Muhammad
250 ## - EDITION STATEMENT
Edition statement 1st Ed.
260 ## - PUBLICATION, DISTRIBUTION, ETC.
Place of publication, distribution, etc. Karachi, Pakistan;
Name of publisher, distributor, etc. Oxford University Press,
Date of publication, distribution, etc. 2022
300 ## - PHYSICAL DESCRIPTION
Extent 194p. ;
Other physical details Paperback,
700 ## - ADDED ENTRY--PERSONAL NAME
Personal name Asghar Qadir & Imran Parvez Khan
9 (RLIN) 132650
942 ## - ADDED ENTRY ELEMENTS (KOHA)
Source of classification or shelving scheme
Koha item type Book Bank
Holdings
Withdrawn status Lost status Source of classification or shelving scheme Damaged status Not for loan Permanent Location Current Location Shelving location Date acquired Total Checkouts Full call number Barcode Date last seen Price effective from Koha item type
          School of Mechanical & Manufacturing Engineering (SMME) School of Mechanical & Manufacturing Engineering (SMME) Book Bank 12/31/2025   514 MUH SMME-BB681 12/31/2025 12/31/2025 Book Bank
© 2023 Central Library, National University of Sciences and Technology. All Rights Reserved.